000 00661nam a2200277Ia 4500
005 20260324111526.0
008 008 260324s9999 xx 000 0 eng d
020 _a9781003648475
037 _aEBOOK
040 _aCRL
040 _beng
040 _cCRL
041 _2eng
041 _aeng
084 _qCRL
100 _aSarah Lupton; Manos Stellakis
_91138927
245 0 _aGuide to JCT Design and Build Contract 2024
260 _bTaylor and Francis
260 _c2025
365 _a
365 _b245
856 _uhttp://www.taylorfrancis.com/books/9781003648475
942 _cEBOOK
999 _c1727786
_d1727786